000 00669nam a22002297a 4500
001 BR8801957
003 BR-BrBNA
005 20240117142827.0
007 ta
008 230509b bl.||||| |||| 00| 0 por d
040 _aBR-BrBNA
_bpor
_cBiblioteca Nacional de Agricultura
041 _a(Por)
072 _aA01
090 _aA01
_bBR8801957
110 1 _aUniversidade Federal da Paraiba, Campina Grande (Brasil). Centro de Informacao do Semi-Arido
_910756
245 1 _aBibliografia brasileira do Semi-Arido
_bv. 2
260 3 _aCampina Grande, PB (Brasil):
_c1984.
300 _a106 p.
650 _aAGRICULTURA
650 _aBIBLIOGRAFIA
942 _cBK
_2AGRIS
999 _c41773
_d41773